|
|
|
|
| LEADER |
00000nam0a2200000 4500 |
| 001 |
47333 |
| 005 |
20231031025956.0 |
| 010 |
|
|
|a 5247010175
|
| 035 |
|
|
|a (RuTPU)RU\TPU\book\49433
|
| 090 |
|
|
|a 47333
|
| 100 |
|
|
|a 20030206d1991 m y0rusy50 ca
|
| 101 |
0 |
|
|a rus
|
| 102 |
|
|
|a RU
|
| 105 |
|
|
|a a j 001zy
|
| 200 |
1 |
|
|a Математические методы в геологии
|e Сборник задач
|e учебное пособие для вузов
|f О. И. Гуськов, П. И. Кушнарев, С. М. Таранов
|
| 210 |
|
|
|a Москва
|c Недра
|d 1991
|
| 215 |
|
|
|a 205 с.
|c ил.
|
| 225 |
1 |
|
|a Высшее образование
|
| 320 |
|
|
|a Библиогр.: с. 166-167
|
| 610 |
1 |
|
|a геология
|
| 610 |
1 |
|
|a математические методы
|
| 610 |
1 |
|
|a задачи
|
| 610 |
1 |
|
|a учебные пособия
|
| 610 |
1 |
|
|a одномерные статистические модели
|
| 610 |
1 |
|
|a двумерные статистические модели
|
| 610 |
1 |
|
|a многомерные статистические модели
|
| 610 |
1 |
|
|a геологическая информация
|
| 675 |
|
|
|a 55:51(076.5)
|v 3
|
| 700 |
|
1 |
|a Гуськов
|b О. И.
|g Олег Иванович
|
| 701 |
|
1 |
|a Кушнарев
|b П. И.
|g Петр Иванович
|
| 701 |
|
1 |
|a Таранов
|b С. М.
|g Сергей Михайлович
|
| 801 |
|
1 |
|a RU
|b 63413507
|c 20030206
|g PSBO
|
| 801 |
|
2 |
|a RU
|b 63413507
|c 20170419
|g PSBO
|
| 942 |
|
|
|c BK
|